000 00991cam a2200301 i 4500
001 30073
003 Mx-PuUPA
005 20251120122326.0
008 140415s2003 mx 000 0 spa d
020 _a9685802351
040 _cMx-PuUPA
_aMx-PuUPA
_bspa
_dMx-PuUPA
_erda
041 0 _aspa
043 _acl-----
100 1 _aZea, Leopoldo,
_d1912-2004
_917513
_eautor
245 1 0 _aSentido de la difusión cultural latinoamericana /
_cLeopoldo Zea
264 1 _aMéxico, D.F. :
_bUniversidad Nacional Autónoma de México,
_c1981
300 _a122 páginas ;
_c23 cm
336 _2rdacontent
_atexto
_btxt
337 _2rdamedia
_asin medio
_bn
338 _2rdacarrier
_avolumen
_bnc
650 7 _2armarc
_aCultura
_xDifusión
651 4 _aAmérica Latina
_xCivilización
_y1948
651 4 _aHispanoamérica
_xVida intelectual
942 _2ddc
_cLI
_h980.03
_iZ45
999 _c30073
_d30073